| 000 | 00566 a2200169 4500 | ||
|---|---|---|---|
| 020 | _a0195095391 | ||
| 020 | _a9780195095395 | ||
| 082 | 0 | 4 | _a520.938 |
| 090 |
_c801 _d801 |
||
| 100 | 1 | _aEvans, James. | |
| 245 | 1 | 4 |
_aThe history and practice of ancient astronomy / _cJames Evans. |
| 260 |
_a[S.l.] : _bOxford University Press, USA, _c1998. |
||
| 300 |
_a496 p. ; _c29 cm. |
||
| 700 | _aEvans, James. | ||
| 942 |
_aSNS _cBK _k520.938 EVA |
||
| 999 |
_c29425 _d29425 |
||